000 04811nab a2200301 i 4500
003 BR-BrBNA
005 20240221172045.0
008 240221b2006 bl.qr|p|oa||| 00| 0 por |
040 _aBR-BrBNA
_bpor
072 _aF30
072 _aF63
100 _aAuler, N.M.F.
100 _aBattistin, A.
100 _aReis, M.S.
245 _aNúmero de cromossomos, microsporogênese e viabilidade do pólen em populações de carqueja [Baccharis trimera (Less.) DC.] do Rio Grande do Sul e Santa Catarina
500 _aPublicação on-line; 31 ref.; 4 tables; 1 illus.; Summaries (En, Pt)
520 _a RESUMO: Este trabalho teve como objetivo buscar informações a respeito do número de cromossomos, formação dos gametas masculinos (microsporogênese) e viabilidade polínica, em oito populações de Baccharis trimera (Less.) DC. (carqueja), nativas nos estados: Rio Grande do Sul e Santa Catarina, sob diversas condições edafo-climáticas e tipos vegetacionais. Na contagem do número de cromossomos, foram analisadas em média 10 células metafásicas por população. O corante usado foi Giemsa 2% (v/v). Nas análises da microsporogênese, foram comparadas as fases de associação e distribuição dos cromossomos na meiose, a formação de tétrades e viabilidade polínica pelo teste do χ2(á = 0,01). O corante usado na identificação das células foi o carmim propiônico 2% (m/v), e para a estimativa da viabilidade do pólen foram testados três diferentes corantes: carmim propiônico 2%, orceína acética 2% (m/v) e reativo de alexander. As populações analisadas são diplóides com 2n=2X=18 cromossomos. Nas oito populações de Baccharis trimera (Less.) DC, tanto na meiose I quanto na meiose II, a porcentagem de células normais, índice meiótico e viabilidade do pólen foram acima de 85%. Estes dados confirmam que as populações possuem uma microsporogênese normal, no processo evolutivo da espécie, não ocorrendo problemas quando da sua introdução em programas de seleção, cruzamento e produção de sementes. Na comparação entre os três corantes, foram observadas diferenças significativas entre os mesmos, sugerindo o corante reativo de alexander como o mais indicado para estimar a viabilidade do pólen nesta espécie. Palavras-chave: plantas medicinais, carqueja, pólen, cromossomos, Baccharis trimera
520 _a ABSTRACT: Number of chromosomes, microsporogenesis and pollen viability in populations of carqueja [Baccharis trimera (Less.) DC.] from Rio Grande do Sul and Santa Catarina. The objective of this work was to search for information regarding the number of chromosomes, the formation of male gametes (microsporogenesis) and the pollen viability in eight populations of Baccharis trimera (Less.) DC. (carqueja) native from the states of: Rio Grande do Sul and Santa Catarina (Sourthern Brazil) under several edaphic-climatic and vegetational conditions. As for chromosome counting, an average of 10 metaphasic cells were analyzed by population. The dye used was Giemsa 2% (v/v). In the analysis of microsporogenesis, comparisons were established between the phases of association and distribution of chromosomes during meiosis, the formation of tetrads and the pollen viability by the χ2(á = 0,01) test. The dye used to identify the cells was propionic carmine 2% (m/v), and three different dyes were tested to estimate pollen viability: propionic carmine 2% (m/v), orcein acetic 2% (m/v) and alexander reaction. The populations under analysis are diploid with 2n=2X=18 chromosomes. In all the eight populations of Baccharis trimera, both during meiosis I and meiosis II, the percentage of normal cells, the meiotic rate, and the pollen viability were above 85%. The results support the thesis that the populations analyzed have normal microsporogenesis in the evolutionary process of the species, not presenting any problems for being introduced into programs of selection, crossing and seed production. As for the comparison between the three dyes, significant differences were observed suggesting alexander reaction as being the most reliable in estimating pollen viability for the species. Key words: medicinal plants, carqueja, pollen, chromosomes, Baccharis trimera
650 _aPLANTA MEDICINAL
650 _aCARQUEJA
650 _aPÓLEN
650 _aCROMOSSOMA
650 _aBACCHARIS
773 0 _03543
_9313785
_dBotucatu-SP Instituto de Biociências - Departamento de Química e Bioquímica 1998
_o2024-0053
_tRevista Brasileira de Plantas Medicinais (Brazil)
_x1516-0572
_gv. 8(2) p. 55-63; (2006)
_wBR2024000046
856 _uhttp://www.sbpmed.org.br/admin/files/papers/file_8gkpWdn49bno.pdf
942 _cAnalítica
999 _c298565
_d298565